Benchmarking for competitive advantage
Αποθηκεύτηκε σε:
| Κύριος συγγραφέας: | |
|---|---|
| Μορφή: | Βιβλίο |
| Γλώσσα: | English |
| Δημοσίευση: |
New York, San Francisco :
Mcgraw-Hill,
1994
|
| Θέματα: | |
| Ετικέτες: |
Προσθήκη ετικέτας
Δεν υπάρχουν, Καταχωρήστε ετικέτα πρώτοι!
|
MARC
| LEADER | 00000nam a2200000 i 4500 | ||
|---|---|---|---|
| 001 | 1/41999 | ||
| 008 | 960207s1994 eng d | ||
| 020 | |a 0-07-006899-2 | ||
| 035 | |l 10025512 | ||
| 040 | |a GR-MY-UA |b gre |e aacr | ||
| 041 | 0 | |a eng | |
| 082 | 0 | |a 658.562 | |
| 100 | 1 | |a Boxwell, Robert J. | |
| 245 | 1 | 0 | |a Benchmarking for competitive advantage / |c Robert J. Boxwell |
| 260 | |a New York, San Francisco : |b Mcgraw-Hill, |c 1994 | ||
| 300 | |a 224 p. | ||
| 500 | |a Includes index | ||
| 650 | 0 | 0 | |a Benchmarking (Management) |
| 650 | 0 | 0 | |a Organizational effectiveness. |
| 650 | 0 | 0 | |a Performance. |
| 650 | 0 | 0 | |a Competition. |
| 852 | |a INST |b CHIOS |e 19960207 |h 658.562 BOX |p 005200003606 |q 005200003606 |t BK |y 0 | ||
| 909 | |a Χ |b 037901 | ||